000
00285nam a2200121 4500
999
_c
10790
_d
10790
003
OSt
005
20220907185139.0
008
220907b ||||| |||| 00| 0 eng d
100
_d
Misha Black
245
_a
Exhibition Design
260
_a
London
_b
The Architectural press
942
_2
ddc